000 00628nam a2200193 i 4500
001 134679
003 ES-MaACL
005 20251005063115.0
007 t|
008 070912m18461862gw ||||1| ger d
100 1 _aWeil, Gustav,
_d1808-1889
_9116331
245 1 0 _aGeschichte der Chalifen
_b: Nach handschriftl., gröátentheils noch unbenützten Quellen bearbeitet /
_cvon Gustav Weil.
260 _aMannheim :
_bFriedrich Bassermann,
_c1846-1862.
300 _a5 v.
650 4 _aCalifas.
_9156604
651 4 _aImperio islámico-
_xHistoria.
_9152821
852 _aES-MaACL
_jG-939-43
999 _c134679
_d134679